| 000 | 00797nam a22002057a 4500 | ||
|---|---|---|---|
| 005 | 20240530110523.0 | ||
| 008 | 160221s2013 ua a g b 000 0 ara d | ||
| 017 |
_a2012/22982 _bمصر . دار الكتب المصرية |
||
| 040 | _aEG-CaGPL | ||
| 082 | 0 | 4 |
_221 _a372.43\ _bم ق |
| 100 | 0 | _aمحمود جلال الدين سليمان . | |
| 245 | 1 | 2 |
_aبرامج التدخل المبكر لمنع الفشل القرائى القراءة الوقائية / _cمحمود جلال الدين سليمان . |
| 250 | _aط1. | ||
| 260 |
_aالقاهرة : _bعالم الكتب ، _c2013 . |
||
| 300 |
_a198 ص ؛ _c24 سم . |
||
| 650 | 0 | 4 | _aالقراءة العلاجية . |
| 650 | 0 | 4 | _aالوعى الفونيمى . |
| 942 |
_2ddc _cBK |
||
| 999 |
_c61926 _d61926 |
||